| 000 | 00601nam a2200241 a 4500 | ||
|---|---|---|---|
| 001 | nice12345678 | ||
| 003 | IN_TiNIC | ||
| 005 | 20260116013301.0 | ||
| 008 | 050524s1984 dela grp 000 0 eng | ||
| 020 |
_a _c110 |
||
| 082 | 0 | 0 |
_a291 _bABH |
| 100 | _aAbhishiktananda, | ||
| 245 |
_aSaccidananda _b a Christian Approach to Advatic Experience. |
||
| 260 |
_aDelhi _bISPCK _c1984 |
||
| 300 | _a234p | ||
| 500 | _aincludes index and biblioraphy | ||
| 505 | 2 | _aIndex | |
| 650 | _aComparative Religion | ||
| 700 | 1 | _aAbhishiktananda, | |
| 902 | _bSRS | ||
| 942 | _cBK | ||
| 999 |
_c10400 _d10400 |
||